The case method at the Harvard Business School : papers by present and past members of the faculty and staff /

Saved in:
Bibliographic Details
Corporate Author: Harvard University. Graduate School of Business Administration
Format: Book
Language:English
Published: New York : McGraw-Hill, 1954.
Subjects:
LEADER 01029nam a2200217 i 4500
001 c000308943
003 CARM
005 00000000000000.0
008 880116s1954 u a 000 0 eng d
019 1 |a 2687577  |z 5800355  |z 23359696  |z 54042590  |z 57412876  |5 LACONCORD2021 
035 |a (OCoLC)242078  |5 LACONCORD2021 
082 0 4 |a 650.07 
245 0 4 |a The case method at the Harvard Business School :  |b papers by present and past members of the faculty and staff /  |c edited by M. P. McNair ; with the assistance of Anita C. Hersum. 
260 |a New York :  |b McGraw-Hill,  |c 1954. 
300 |a 292 p. :  |b ill ;  |c 24 cm. 
610 2 0 |a Harvard University.  |b Graduate School of Business Administration 
650 0 |a Business education. 
710 2 |a Harvard University.  |b Graduate School of Business Administration 
852 8 |b CARM  |h A1:AQ24B0  |i B10720  |p 0504365  |f BK 
999 f f |i e8d321df-8402-58bf-be87-5a2d5970053b  |s a31b0053-4b44-5405-aa1a-4e213f0e11db 
952 f f |p Can circulate  |a CAVAL  |b CAVAL  |c CAVAL  |d CARM 1 Store  |e B10720  |f A1:AQ24B0  |h Other scheme  |i book  |m 0504365